Carl Theodor Dreyer Filmography - Statistics

General Stats
  • This quiz has been taken 6 times
  • The average score is 24 of 80
Answer Stats
Type Year Name % Correct
Film Director 1964 Gertrud
80%
Film Screenplay 1964 Gertrud
80%
Film Director 1928 The Passion of Joan of Arc
80%
Film Screenplay 1928 The Passion of Joan of Arc
80%
Film Editor 1928 The Passion of Joan of Arc
80%
Film Director 1932 Vampyr
80%
Film Screenplay 1932 Vampyr
80%
Film Production 1932 Vampyr
80%
Film Director 1943 Day of Wrath
60%
Film Screenplay 1943 Day of Wrath
60%
Film Production 1943 Day of Wrath
60%
Film Director 1922 Once Upon a Time
60%
Film Screenplay 1922 Once Upon a Time
60%
Film Editor 1922 Once Upon a Time
60%
Film Director 1955 Ordet
60%
Film Screenplay 1955 Ordet
60%
Film Production 1955 Ordet
60%
Film Director 1919 The President
60%
Film Screenplay 1919 The President
60%
Short Film Director 1948 They Caught the Ferry
60%
Short Film Screenplay 1948 They Caught the Ferry
60%
Film Director 1945 Two People
60%
Film Screenplay 1945 Two People
60%
Film Editor 1945 Two People
60%
Short Documentary Director 1954 Et slot i et slot: Krogen og Kronborg
40%
Film Director 1920 Leaves from Satan's Book
40%
Film Screenplay 1920 Leaves from Satan's Book
40%
Film Director 1925 Master of the House
40%
Film Screenplay 1925 Master of the House
40%
Film Editor 1925 Master of the House
40%
Film Director 1924 Michael
40%
Film Screenplay 1924 Michael
40%
Film Director 1926 The Bride of Glomdal
40%
Film Screenplay 1926 The Bride of Glomdal
40%
Film Editor 1926 The Bride of Glomdal
40%
Film Director 1920 The Parson's Widow
40%
Film Screenplay 1920 The Parson's Widow
40%
Short Documentary Director 1949 Thorvaldsen
40%
Documentary Appearance 1995 Carl Th. Dreyer: My Métier
20%
Film Director 1922 Die Gezeichneten
20%
Film Screenplay 1922 Die Gezeichneten
20%
Short Documentary Director 1947 Kampen mod kræften
20%
Short Documentary Director 1947 Landsbykirken
20%
Short Documentary Production 1947 Landsbykirken
20%
Short Documentary Director 1942 Mødrehjælpen
20%
Short Documentary Editor 1949 Radioens barndom
20%
Short Documentary Director 1950 Storstrømsbroen
20%
Short Documentary Director 1946 Vandet på landet
20%
Film Screenplay 1912 Bryggerens datter
0%
Short Documentary Appearance 1964 Carl Th. Dreyer
0%
Film Screenplay 1916 Den hvide djævel
0%
Film Screenplay 1916 Den skønne Evelyn
0%
Film Screenplay 1914 Down with Weapons
0%
TV Documentary Appearance 2022 Dreyers Gertrud
0%
Short Film Screenplay 1916 En forbryders liv og levned
0%
Film Screenplay 1917 Fange no. 113
0%
Film Screenplay 1919 Gillekop
0%
Film Screenplay 1918 Glædens Dag
0%
Film Screenplay 1919 Grevindens ære
0%
Short Film Screenplay 1916 Guldets gift
0%
Short Film Screenplay 1913 Hansel and Gretel
0%
Film Screenplay 1917 Hans rigtige kone
0%
Film Screenplay 1917 Herregaards-Mysteriet
0%
Film Screenplay 1917 Hotel Paradiso
0%
Film Screenplay 1915 Juvelerernes Skræk
0%
Film Screenplay 1918 Lydia
0%
TV Film Screenplay 1988 Medea
0%
Short Film Screenplay 1956 Noget om Norden
0%
Film Screenplay 1916 Pavilionens hemmelighed
0%
Film Screenplay 1915 Penge
0%
Film Screenplay 1916 Rovedderkoppen
0%
Short Film Screenplay 1950 Shakespeare og Kronborg
0%
Short Film Screenplay 1913 The Hidden Message
0%
Short Film Cameo 1913 The Hidden Message
0%
Short Film Screenplay 1912 The Leap to Death
0%
Short Film Cameo 1912 The Leap to Death
0%
Film Screenplay 1917 The Mysterious Lady
0%
Film Screenplay 1913 The Secret of the Old Cabinet
0%
Film Screenplay 1913 The War Correspondents
0%
Short Film Screenplay 1913 Won by Waiting
0%
No matching quizzes found
Score Distribution
Percent of People with Each Score
Percentile by Number Answered
Your Score History
You have not taken this quiz